[Event "Championnat de France des Jeunes - Cade"]
[Site "TROYES"]
[Date "2010.04.16"]
[Round "7.7"]
[White "Daif, Sarah"]
[Black "Klipper, Noemie"]
[Result "0-1"]
[WhiteElo "1643"]
[BlackElo "1872"]
[PlyCount "50"]

1. e4 c5 2. b4 cxb4 3. d4 d5 4. e5 Bf5 5. a3 e6 6. axb4 Bxb4+ 7. c3 Be7 8. Ba3
Qc7 9. Qb3 Nc6 10. f4 Bh4+ 11. Kd2 Be7 12. Nf3 Rc8 13. Be2 a6 14. Bxe7 Ngxe7
15. Qa4 O-O 16. Ra3 f6 17. Rf1 Ng6 18. g3 fxe5 19. fxe5 Be4 20. Ng5 Rxf1 21.
Bxf1 Bxb1 22. Nxe6 Qe7 23. Nf4 Nxf4 24. gxf4 Qf7 25. Ke3 Rf8 0-1

[Event "Championnat de France des Jeunes - Cade"]
[Site "TROYES"]
[Date "2010.04.16"]
[Round "7.8"]
[White "Macarry, Elodie"]
[Black "Durot, Edwige"]
[Result "1-0"]
[WhiteElo "1898"]
[BlackElo "1745"]
[PlyCount "98"]

1. e4 c5 2. Nf3 e6 3. d3 Nc6 4. g3 d6 5. Bg2 Nf6 6. O-O Be7 7. Re1 O-O 8. c3
Qc7 9. d4 Rd8 10. h4 e5 11. d5 Nb8 12. Nbd2 Nbd7 13. c4 Nf8 14. Nh2 Qd7 15.
Ndf1 b5 16. Ne3 bxc4 17. Nxc4 Rb8 18. b3 h6 19. Ne3 N8h7 20. Nf5 Bf8 21. h5 Bb7
22. g4 Ng5 23. Bxg5 hxg5 24. Qf3 Ne8 25. Re3 f6 26. Ng3 Bc8 27. Qf5 Qxf5 28.
gxf5 Ba6 29. Bf1 Rb6 30. Ng4 Rdb8 31. Bxa6 Rxa6 32. Nf1 Rab6 33. Nd2 Kf7 34.
Nc4 Rb5 35. Rh3 Rd8 36. Kg2 Ke7 37. h6 gxh6 38. Nxh6 Bxh6 39. Rxh6 Rd7 40. Rh7+
Kd8 41. Rxd7+ Kxd7 42. Rh1 Rb7 43. Na5 Rc7 44. Nc6 Kc8 45. Rh8 Kd7 46. Rh7+ Kc8
47. Rxc7+ Nxc7 48. Nxa7+ Kd7 49. Kf3 Nb5 1-0

[Event "Championnat de France des Jeunes - Cade"]
[Site "TROYES"]
[Date "2010.04.16"]
[Round "7.9"]
[White "Kohi, Camilla"]
[Black "Uhl, Sarah"]
[Result "1/2-1/2"]
[WhiteElo "1824"]
[BlackElo "1714"]
[PlyCount "67"]

1. d4 Nf6 2. c4 e6 3. Nc3 d5 4. e3 Be7 5. Nf3 O-O 6. Bd3 dxc4 7. Bxc4 Nbd7 8.
O-O c5 9. b3 b6 10. Bb2 Bb7 11. Rc1 Rc8 12. Re1 Ne4 13. Qc2 Ndf6 14. Nxe4 Nxe4
15. Red1 Qc7 16. d5 exd5 17. Bxd5 Bf6 18. Qxe4 Bxd5 19. Rxd5 Bxb2 20. Ng5 g6
21. Rcd1 Bf6 22. h4 Rcd8 23. g3 Rxd5 24. Rxd5 Rd8 25. Rxd8+ Qxd8 26. Qb7 Bxg5
27. hxg5 Qxg5 28. Qxa7 Qf6 29. a4 Kg7 30. Kg2 Qe6 31. a5 bxa5 32. Qxc5 Qxb3 33.
Qxa5 Qb7+ 34. Kg1 1/2-1/2

[Event "Championnat de France des Jeunes - Cade"]
[Site "TROYES"]
[Date "2010.04.16"]
[Round "7.10"]
[White "Flachet, Jade"]
[Black "Abidi, Ines"]
[Result "1-0"]
[WhiteElo "1410"]
[BlackElo "1651"]
[PlyCount "137"]

1. e4 e6 2. d4 d5 3. e5 c5 4. c3 Qb6 5. a3 Nc6 6. Nf3 Bd7 7. b4 cxd4 8. cxd4
Rc8 9. Be3 Nge7 10. Bd3 Ng6 11. Nbd2 Be7 12. Rc1 O-O 13. O-O a6 14. Nb3 Na7 15.
Nc5 Rfd8 16. Re1 Bb5 17. Bxb5 Qxb5 18. Qe2 Qxe2 19. Rxe2 Rc7 20. Ree1 Rdc8 21.
Na4 Rxc1 22. Rxc1 Rxc1+ 23. Bxc1 Nf4 24. Bxf4 Nc8 25. Nc5 Bxc5 26. bxc5 Kf8 27.
Kf1 h6 28. h4 Ke8 29. Ke2 Kd7 30. Kd3 Kc6 31. Bd2 b6 32. cxb6 Nxb6 33. Bb4 Nd7
34. g4 Kb5 35. g5 h5 36. Nd2 g6 37. Nb3 Nb6 38. Na5 Nc4 39. Nb7 a5 40. Bxa5
Nxa5 41. Nd6+ Ka4 42. Nxf7 Nc6 43. Nh8 Ne7 44. Nf7 Nc6 45. Nd6 Kxa3 46. Nb7 Kb4
47. Nc5 Nxe5+ 48. Ke3 Ng4+ 49. Kf3 e5 50. Nd3+ Kc4 51. Nxe5+ Nxe5+ 52. dxe5 Kc5
53. Ke3 d4+ 54. Kd3 Kd5 55. e6 Kxe6 56. Kxd4 Kd6 57. Ke4 Ke6 58. f4 Ke7 59. Ke5
Kf7 60. f5 gxf5 61. Kxf5 Kg7 62. g6 Kg8 63. Kg5 Kg7 64. Kxh5 Kg8 65. Kh6 Kh8
66. g7+ Kg8 67. h5 Kf7 68. Kh7 Kf6 69. g8=Q 1-0

[Event "Championnat de France des Jeunes - Mini"]
[Site "Troyes"]
[Date "????.??.??"]
[Round "7.1"]
[White "Loiseau, Quentin"]
[Black "Barbot, Pierre"]
[Result "1-0"]
[WhiteElo "2185"]
[BlackElo "2111"]
[PlyCount "0"]

1. d4 Nf6 2. Nf3 g6 3. c4 Bg7 4. Nc3 d5 5. cxd5 Nxd5 6. e4 Nxc3 7. bxc3 c5 8.
Be3 Qa5 9. Qd2 O-O 10. Rc1 Rd8 11. d5 e6 12. Bg5 Re8 13. d6 b5 14. h4 Nd7 15.
h5 b4 16. hxg6 hxg6 17. Bd3 e5 18. Be7 bxc3 19. Qg5 c2+ 20. Nd2 Qa3 21. Ke2 Ba6
22. Nc4 Bxc4 23. Bxc4 Qa4 24. Bd5 Qa6+ 25. Kd2 Qa5+ 26. Kxc2 Qa4+ 27. Kd2 Qd4+
28. Ke1 Qb2 29. Rd1 Qb4+ 30. Kf1 Nf8 31. Bxf8 Kxf8 32. Bxa8 Qc4+ 33. Kg1 f6 34.
Qd2 Rxa8 35. d7 Ke7 1-0

[Event "Championnat de France des Jeunes - Mini"]
[Site "Troyes"]
[Date "2010.04.16"]
[Round "7.2"]
[White "Feryn, Benjamin"]
[Black "Muheim, Sebastien"]
[Result "0-1"]
[WhiteElo "1985"]
[BlackElo "2053"]
[PlyCount "92"]

1. Nf3 e6 2. g3 f5 3. Bg2 Nf6 4. O-O d5 5. d4 Bd6 6. c4 c6 7. b3 Qe7 8. Bb2
Nbd7 9. Qc1 b6 10. Ne5 Bb7 11. Nd2 Rc8 12. Ndf3 O-O 13. Qg5 Qe8 14. Rac1 Ne4
15. Qe3 Ndf6 16. Nd2 c5 17. Nxe4 fxe4 18. f4 Qh5 19. h3 Qh6 20. Qf2 Bxe5 21.
dxe5 Nh5 22. e3 g5 23. Kh2 gxf4 24. gxf4 Ng7 25. Rg1 Kf7 26. Bf1 Nf5 27. Rg4
Rg8 28. Be2 d4 29. exd4 e3 30. Qf1 cxd4 31. Bf3 Rxg4 32. Bxg4 d3 33. Rc3 Rd8
34. Bxf5 exf5 35. e6+ Kxe6 36. Bc1 e2 37. Qf2 Be4 38. Bd2 Rg8 39. c5 Qg7 40.
cxb6 Qg2+ 41. Qxg2 Rxg2+ 42. Kh1 axb6 43. Rc4 e1=Q+ 44. Bxe1 Re2+ 45. Kg1 Rxe1+
46. Kf2 Re2+ 0-1

[Event "Championnat de France des Jeunes - Mini"]
[Site "Troyes"]
[Date "2010.04.16"]
[Round "7.3"]
[White "Hallope, Arnaud"]
[Black "Eden, James"]
[Result "0-1"]
[WhiteElo "1895"]
[BlackElo "2047"]
[PlyCount "98"]

1. e4 e5 2. Nf3 Nc6 3. d4 exd4 4. Nxd4 Nf6 5. Nxc6 bxc6 6. e5 Qe7 7. Qe2 Nd5 8.
c4 Nb6 9. Nc3 Qe6 10. Qe4 g6 11. f4 d5 12. exd6 cxd6 13. Be3 Bg7 14. O-O-O Bxc3
15. Qxe6+ Bxe6 16. bxc3 O-O-O 17. Kb2 Nxc4+ 18. Bxc4 Bxc4 19. Bxa7 c5 20. Bb6
Rd7 21. a4 Be6 22. Rd2 Kb7 23. a5 Kc6 24. Ra1 Re8 25. Re1 Rde7 26. Rde2 Rd7 27.
Rd2 Rg8 28. Rf1 Bc4 29. Re1 h6 30. Re3 g5 31. Rh3 Rg6 32. f5 Rf6 33. g4 d5 34.
Re3 h5 35. h3 hxg4 36. hxg4 Rh6 37. Re8 Ba6 38. Rb8 Rh4 39. Rg2 Bf1 40. Rg1
Rh2+ 41. Kc1 Ba6 42. Bd8 Rb7 43. Rxb7 Bxb7 44. Bxg5 Ra2 45. Be3 Bc8 46. Kb1
Rxa5 47. Rh1 Kb5 48. Rh8 Ra8 49. Rf8 Bxf5+ 0-1

[Event "Championnat de France des Jeunes - Mini"]
[Site "Troyes"]
[Date "2010.04.16"]
[Round "7.4"]
[White "Peyre, Thomas"]
[Black "Ane, Cedric"]
[Result "0-1"]
[WhiteElo "2074"]
[BlackElo "2106"]
[PlyCount "71"]

1. e4 c5 2. Nf3 Nc6 3. d4 cxd4 4. Nxd4 g6 5. Nc3 Bg7 6. Be3 Nf6 7. Bc4 O-O 8.
Bb3 d6 9. f3 Bd7 10. Qd2 Nxd4 11. Bxd4 b5 12. h4 a5 13. a4 bxa4 14. Nxa4 h5 15.
O-O Bb5 16. Rfd1 Nd7 17. Qg5 Bxa4 18. Rxa4 Kh7 19. Kh1 Bxd4 20. Raxd4 Kg7 21.
f4 Rb8 22. Rd5 Nf6 23. R5d4 Ng4 24. R1d2 Qc7 25. g3 e5 26. fxe5 dxe5 27. Rd7
Qc6 28. R2d5 a4 29. R7d6 Qc7 30. Bxa4 Qc4 31. Qc1 Qxe4+ 32. Kg1 Qxa4 33. b3
Qa7+ 34. Kh1 Qf2 35. Qg1 Qxc2 36. Qf1 0-1

[Event "Championnat de France des Jeunes - Mini"]
[Site "Troyes"]
[Date "2010.04.16"]
[Round "7.5"]
[White "Ider, Borya"]
[Black "Boukhris-Ferre, Yacine"]
[Result "1-0"]
[WhiteElo "2283"]
[BlackElo "1966"]
[PlyCount "57"]

1. d4 Nf6 2. c4 g6 3. Nc3 Bg7 4. e4 d6 5. h3 O-O 6. Bg5 Qe8 7. Bd3 Na6 8. Nge2
e5 9. d5 c6 10. O-O h6 11. Be3 c5 12. Qd2 Kh7 13. f4 Nh5 14. Nb5 exf4 15. Nxf4
Ng3 16. Rf3 Nxe4 17. Bxe4 Qxe4 18. Nxd6 Qe5 19. Nxc8 Raxc8 20. Nd3 Qe4 21. Rf4
Qe7 22. Re1 Qd8 23. Qf2 f5 24. Nxc5 g5 25. Rf3 f4 26. Ne6 Qa5 27. Nxf8+ Rxf8
28. Qc2+ Kh8 29. Bd2 1-0

[Event "Championnat de France des Jeunes - Mini"]
[Site "Troyes"]
[Date "2010.04.16"]
[Round "7.6"]
[White "Netzer, Jacques"]
[Black "Boure, Hugo"]
[Result "1/2-1/2"]
[WhiteElo "2215"]
[BlackElo "1877"]
[PlyCount "123"]

1. e4 c5 2. d3 Nc6 3. g3 g6 4. Bg2 Bg7 5. f4 d6 6. Nf3 e6 7. O-O Nge7 8. c3 O-O
9. Be3 Rb8 10. Bf2 b6 11. Na3 d5 12. e5 a6 13. Nc2 Bb7 14. d4 cxd4 15. cxd4 Rc8
16. g4 Qc7 17. Rc1 a5 18. Bh4 f5 19. exf6 Bxf6 20. Bg3 Qd7 21. Qe2 Rce8 22.
Rfe1 Nc8 23. Bh3 Bg7 24. g5 Nd8 25. Ne3 Nd6 26. Ng4 Nc6 27. Nfe5 Nxe5 28. fxe5
Nf5 29. Nf6+ Bxf6 30. exf6 Qa4 31. Be5 Rc8 32. b3 Qd7 33. Bxf5 exf5 34. Rxc8
Bxc8 35. Rc1 Qe6 36. Rc7 Bd7 37. Kf2 Rc8 38. Qc2 Rxc7 39. Qxc7 Kf7 40. Qb8 Be8
41. Bd6 b5 42. Qc7+ Bd7 43. a4 bxa4 44. bxa4 Kg8 45. Qd8+ Be8 46. Be5 Qc6 47.
Qxa5 Qc2+ 48. Ke3 Qc1+ 49. Qd2 Qxd2+ 50. Kxd2 Bxa4 51. Kc3 Bb5 52. Kb4 Bc4 53.
Kc5 Kf7 54. Kd6 Bb3 55. Bf4 Bc4 56. h4 Bb3 57. Ke5 Bc4 58. h5 Bb3 59. Bd2 Bc4
60. hxg6+ hxg6 61. Kd6 Bb3 62. Bf4 1/2-1/2

[Event "Championnat de France des Jeunes - Mini"]
[Site "Troyes"]
[Date "2010.04.16"]
[Round "7.7"]
[White "Domenech, Vianney"]
[Black "Meley, Hector"]
[Result "1-0"]
[WhiteElo "2050"]
[BlackElo "1938"]
[PlyCount "105"]

1. d4 d5 2. Bf4 c5 3. e3 Qb6 4. Nc3 Nf6 5. Nf3 c4 6. a4 Bf5 7. Nb5 Na6 8. Be2
Rc8 9. c3 Nb8 10. Qc1 Nc6 11. O-O Na5 12. Nd2 e6 13. f3 Be7 14. Bd1 Nh5 15. Bc7
Rxc7 16. Nxc7+ Qxc7 17. g4 Bd3 18. gxh5 Bxf1 19. Nxf1 g6 20. e4 dxe4 21. fxe4
gxh5 22. Qh6 Rg8+ 23. Kh1 Rg6 24. Qxh5 Qf4 25. Qf3 Qh4 26. Be2 Rf6 27. Qg4 Rf2
28. Rb1 Qxg4 29. Bxg4 Bg5 30. e5 Rc2 31. Kg1 a6 32. Ng3 Be3+ 33. Kh1 Rc1+ 34.
Rxc1 Bxc1 35. Ne4 Bxb2 36. Kg2 Kd7 37. Kf3 b5 38. axb5 axb5 39. d5 Bxc3 40.
Nxc3 b4 41. Nb5 h5 42. Bxh5 c3 43. Ke2 exd5 44. Bxf7 Nc4 45. e6+ Ke7 46. Nd4 c2
47. Nxc2 b3 48. Nb4 b2 49. Nxd5+ Kd6 50. Nc3 Na3 51. h4 b1=Q 52. Nxb1 Nxb1 53.
Kd3 1-0

[Event "Championnat de France des Jeunes - Mini"]
[Site "Troyes"]
[Date "2010.04.16"]
[Round "7.8"]
[White "Rachid, Danial"]
[Black "Wurtz, Guillaume"]
[Result "1-0"]
[WhiteElo "2040"]
[BlackElo "1864"]
[PlyCount "91"]

1. e4 c5 2. Nc3 Nc6 3. Nf3 g6 4. d4 cxd4 5. Nxd4 Bg7 6. Nde2 Nf6 7. g3 O-O 8.
Bg2 d6 9. O-O Bd7 10. h3 Na5 11. a4 a6 12. Nf4 Nc4 13. Nd3 Qc7 14. Nd5 Nxd5 15.
exd5 b5 16. Re1 Rfe8 17. axb5 Bxb5 18. c3 Na5 19. Nb4 Bc4 20. Bg5 Nb3 21. Ra3
h6 22. Be3 Nc5 23. Bd4 Bxd4 24. Qxd4 Bb5 25. c4 Ba4 26. Qh4 Kg7 27. Rae3 Ra7
28. Na2 a5 29. Nc3 Rb7 30. Ne2 Bb3 31. Nd4 Ba4 32. f4 Nb3 33. Nxb3 Bxb3 34. f5
gxf5 35. Qd4+ Kg8 36. Bf1 Bc2 37. Kh1 Qd7 38. Re6 Be4+ 39. R6xe4 fxe4 40. Rxe4
f5 41. Re6 Kh7 42. Qh4 Qxe6 43. dxe6 Rxb2 44. Bd3 Rf2 45. g4 Kg7 46. Qxf2 1-0

[Event "Championnat de France des Jeunes - Mini"]
[Site "Troyes"]
[Date "2010.04.16"]
[Round "7.9"]
[White "Gueriche, Guillaume"]
[Black "De Lussac, Maxence"]
[Result "1-0"]
[WhiteElo "2035"]
[BlackElo "1813"]
[PlyCount "93"]

1. Nf3 c5 2. c4 Nf6 3. b3 Nc6 4. Bb2 d5 5. cxd5 Nxd5 6. g3 Qc7 7. Bg2 Nf6 8.
O-O e5 9. Na3 Be7 10. Nc4 Nd7 11. d3 O-O 12. Rc1 Re8 13. a3 Kh8 14. b4 cxb4 15.
Nfxe5 Ndxe5 16. Nxe5 Bf6 17. d4 Bxe5 18. dxe5 bxa3 19. Bxa3 Bd7 20. e3 Qd8 21.
Bb2 Nxe5 22. Qh5 Bg4 23. Qh4 Qxh4 24. gxh4 Nd3 25. Rb1 Be2 26. Bd4 Bxf1 27.
Kxf1 a5 28. Rxb7 Rab8 29. Rxf7 Nc5 30. Ra7 Rbd8 31. Rxa5 Ne4 32. Rg5 Nf6 33. h5
h6 34. Ra5 Rb8 35. Bf3 Re7 36. Ra6 Rf7 37. Kg2 Rc8 38. e4 Rc4 39. Ra8+ Kh7 40.
Rd8 Nd7 41. Ba1 Ra4 42. e5 Re7 43. e6 Rxe6 44. Bd5 Rd6 45. Bg8+ Kh8 46. Bb3+
Kh7 47. Bc2+ 1-0

[Event "Championnat de France des Jeunes - Mini"]
[Site "Troyes"]
[Date "2010.04.16"]
[Round "7.10"]
[White "Luciani, Thibault"]
[Black "Leriche, Luc"]
[Result "0-1"]
[WhiteElo "1861"]
[BlackElo "1993"]
[PlyCount "70"]

1. e4 c5 2. Nf3 d6 3. d4 cxd4 4. Nxd4 Nf6 5. Nc3 a6 6. Bc4 e6 7. Bb3 Nbd7 8.
O-O Nc5 9. Qe2 Be7 10. Rd1 Qc7 11. Bg5 O-O 12. f4 h6 13. Bxf6 Bxf6 14. Kh1 Bd7
15. Qf3 b5 16. a3 Qb6 17. Nde2 a5 18. Ng3 Nxb3 19. cxb3 b4 20. axb4 axb4 21.
Rxa8 Rxa8 22. e5 Bc6 23. Nce4 Bd8 24. h3 Bxe4 25. Nxe4 d5 26. Ng3 Rc8 27. Qg4
Qf2 28. Kh2 Rc2 29. Ne4 Qe2 30. Qxe2 Rxe2 31. Nd6 f6 32. Rc1 Be7 33. Rc7 Bf8
34. exf6 Bxd6 35. Rxg7+ Kf8 0-1

[Event "Championnat de France des Jeunes - Mini"]
[Site "Troyes"]
[Date "????.??.??"]
[Round "7.1"]
[White "Eid, Maha"]
[Black "Dubois, Marie"]
[Result "1-0"]
[WhiteElo "2003"]
[BlackElo "1616"]
[PlyCount "0"]

1. d4 Nf6 2. c4 g6 3. Nc3 Bg7 4. e4 d6 5. Be2 O-O 6. Bg5 e5 7. dxe5 dxe5 8.
Qxd8 Rxd8 9. Nd5 Nbd7 10. Rd1 Rf8 11. Nxc7 Rb8 12. f3 Ne8 13. Nd5 Ndf6 14. Ne7+
Kh8 15. Rd8 h6 16. Be3 Nc7 17. Rxf8+ Bxf8 18. Bxa7 Ra8 19. Nxc8 Rxc8 20. a3 Ne6
21. Nh3 Nd7 22. Be3 Ndc5 23. O-O Nb3 24. Nf2 Ned4 25. Bd3 Nc5 26. b4 Nxd3 27.
Nxd3 Nc2 28. Bc1 Bg7 29. c5 Ra8 30. Rf2 Nd4 31. Bb2 Rd8 32. Kf1 Nb5 33. Nxe5
1-0

[Event "Championnat de France des Jeunes - Mini"]
[Site "Troyes"]
[Date "2010.04.16"]
[Round "7.2"]
[White "Monpeurt, Cyrielle"]
[Black "Neuhauser, Salome"]
[Result "1/2-1/2"]
[WhiteElo "1855"]
[BlackElo "2014"]
[PlyCount "126"]

1. e4 c5 2. Nf3 Nc6 3. d4 cxd4 4. Nxd4 g6 5. Nc3 Bg7 6. Be3 Nf6 7. Nxc6 bxc6 8.
e5 Ng8 9. Bd4 Qa5 10. f4 Rb8 11. Bc4 c5 12. Be3 Rxb2 13. Qd2 Rb8 14. O-O Nh6
15. Rab1 Rxb1 16. Rxb1 a6 17. Rb8 Qc7 18. Ra8 Qb7 19. Bd5 Qc7 20. Bf3 d6 21.
Nd5 Qd8 22. Be2 Nf5 23. Bxa6 O-O 24. Rxc8 Qd7 25. Nb6 Qa7 26. Rxf8+ Bxf8 27.
Bxc5 Qxa6 28. exd6 exd6 29. Bf2 Qxa2 30. g4 Qb1+ 31. Kg2 Ng7 32. Qc3 Ne6 33.
Kg3 Nc5 34. Bxc5 dxc5 35. Nd7 Qg1+ 36. Kh3 Qd4 37. Qxd4 cxd4 38. Nxf8 Kxf8 39.
Kg3 Ke7 40. Kf3 f5 41. gxf5 gxf5 42. Kg3 Ke6 43. Kh4 Kd5 44. Kg5 Ke4 45. h4 h6+
46. Kxh6 Kxf4 47. h5 Kg4 48. Kg6 f4 49. h6 f3 50. h7 f2 51. h8=Q f1=Q 52. Qxd4+
Kg3 53. Qe3+ Kg4 54. Qe4+ Qf4 55. Qg2+ Kh4 56. Qh1+ Kg3 57. Qe1+ Kg4 58. Qe2+
Kg3 59. Qd3+ Kg4 60. c4 Qg5+ 61. Kf7 Qf5+ 62. Qxf5+ Kxf5 63. c5 Ke5 1/2-1/2

[Event "Championnat de France des Jeunes - Mini"]
[Site "Troyes"]
[Date "2010.04.16"]
[Round "7.3"]
[White "Richier, Lucie"]
[Black "Afraoui, Solenn"]
[Result "0-1"]
[WhiteElo "1660"]
[BlackElo "1851"]
[PlyCount "96"]

1. d4 Nf6 2. Nf3 g6 3. c4 c5 4. e3 Bg7 5. Be2 O-O 6. Nc3 cxd4 7. exd4 d5 8. O-O
Nc6 9. h3 h6 10. Re1 Be6 11. b3 Rc8 12. Be3 Rc7 13. Rc1 b6 14. Qd2 Kh7 15. Bf4
Rd7 16. cxd5 Nxd5 17. Bb5 Qa8 18. Rxe6 fxe6 19. Nxd5 Nxd4 20. Nxd4 Rxd5 21. Bc6
Rxd4 22. Qxd4 Bxd4 23. Bxa8 Rxf4 24. Bf3 Be5 25. Rd1 Bd6 26. Kf1 Kg7 27. Ke2
Rf5 28. Rd4 Kf6 29. Ke3 Bc5 30. Kd3 Bxd4 31. Kxd4 Rc5 32. Be4 g5 33. a4 Rc1 34.
Kd3 Ke5 35. Kd2 Rc7 36. Kd3 Rd7+ 37. Ke3 Rc7 38. Kd3 Rc1 39. Kd2 Kxe4 40. Kxc1
Kd3 41. Kd1 Kc3 42. Ke2 Kxb3 43. Kf3 Kxa4 44. Kg4 b5 45. Kh5 b4 46. Kxh6 b3 47.
Kxg5 b2 48. h4 b1=Q 0-1

[Event "Championnat de France des Jeunes - Mini"]
[Site "Troyes"]
[Date "2010.04.16"]
[Round "7.4"]
[White "Lenoel, Marine"]
[Black "Alonso, Audrey"]
[Result "1-0"]
[WhiteElo "1718"]
[BlackElo "1782"]
[PlyCount "101"]

1. e4 e5 2. Nf3 Nc6 3. Nc3 Nf6 4. Bb5 d6 5. d4 Bd7 6. O-O exd4 7. Nxd4 Nxd4 8.
Qxd4 Be7 9. Bxd7+ Qxd7 10. f3 O-O 11. Be3 Rfd8 12. Rad1 Qc6 13. Rd2 a6 14. Rfd1
Re8 15. Bf2 h6 16. Ne2 Nd7 17. b3 Bf6 18. Qd5 Qxd5 19. Rxd5 g6 20. c4 Rac8 21.
Ng3 Bg7 22. c5 Nxc5 23. Bxc5 dxc5 24. Rxc5 c6 25. Rc2 Red8 26. Rcd2 Bf6 27. Kf2
Bg5 28. Rxd8+ Rxd8 29. Rxd8+ Bxd8 30. Ke3 Bc7 31. Ne2 Kf8 32. f4 Ke7 33. e5 h5
34. Ke4 Bb6 35. h3 Ke6 36. g4 hxg4 37. hxg4 Bf2 38. f5+ gxf5+ 39. gxf5+ Ke7 40.
f6+ Ke8 41. Kf5 Be3 42. Ng3 a5 43. Ne4 b5 44. Nd6+ Kf8 45. e6 fxe6+ 46. Kxe6 b4
47. Nc4 Bf2 48. Nxa5 c5 49. Nc4 Bd4 50. Nb6 c4 51. Nd7+ 1-0

[Event "Championnat de France des Jeunes - Mini"]
[Site "Troyes"]
[Date "2010.04.16"]
[Round "7.5"]
[White "Gan, Grace"]
[Black "Aflalo, Sophie"]
[Result "1-0"]
[WhiteElo "1652"]
[BlackElo "2041"]
[PlyCount "79"]

1. e4 c5 2. Nf3 Nc6 3. Nc3 Nf6 4. d4 cxd4 5. Nxd4 e5 6. Ndb5 d6 7. Bg5 a6 8.
Bxf6 gxf6 9. Na3 b5 10. Nd5 Bg7 11. c3 Ne7 12. Nc2 f5 13. exf5 Bxf5 14. Nxe7
Qxe7 15. Qf3 d5 16. Qxf5 O-O 17. Bd3 e4 18. Be2 Rad8 19. O-O Rd6 20. Rad1 Rfd8
21. Nd4 Rf6 22. Qg5 Qd7 23. Bg4 Qd6 24. Nf5 Qf8 25. Qxg7+ Qxg7 26. Nxg7 Kxg7
27. Rd4 Rg6 28. Bf5 Rgd6 29. Rfd1 Re8 30. Rxe4 Rxe4 31. Bxe4 Re6 32. Bf3 Re5
33. Kf1 Re6 34. Bxd5 Rd6 35. Bf3 Rh6 36. h3 Rf6 37. Rd7 a5 38. Bd5 Kg6 39.
Bxf7+ Kf5 40. Bg8 1-0

[Event "Championnat de France des Jeunes - Mini"]
[Site "Troyes"]
[Date "2010.04.16"]
[Round "7.6"]
[White "Ruhlmann, Helene"]
[Black "Turquetille, Annabelle"]
[Result "1-0"]
[WhiteElo "1816"]
[BlackElo "1630"]
[PlyCount "99"]

1. e4 e5 2. Nf3 d5 3. exd5 e4 4. Ne5 Qxd5 5. d4 exd3 6. Nxd3 Nf6 7. Nc3 Bb4 8.
Nxb4 Qxd1+ 9. Kxd1 O-O 10. Bg5 Ng4 11. Bh4 c6 12. Be2 Ne5 13. Nd3 Ng6 14. Bg3
Na6 15. Kd2 f5 16. Be5 Rd8 17. f4 c5 18. Ke3 Be6 19. Rhd1 c4 20. Ne1 Nb4 21.
Bf3 Nxe5 22. fxe5 g5 23. Bxb7 Rab8 24. Rxd8+ Rxd8 25. Bf3 g4 26. Be2 Nc6 27.
Rd1 Rxd1 28. Bxd1 Nxe5 29. Kd4 Nd7 30. Be2 Nb6 31. Nb5 Na4 32. Bxc4 Bxc4 33.
Kxc4 Nxb2+ 34. Kb3 Nd1 35. Nxa7 Ne3 36. c4 Kf7 37. Kc3 h5 38. Nc6 Nf1 39. Nd4
Kf6 40. h3 Ng3 41. hxg4 fxg4 42. a4 h4 43. a5 Ne4+ 44. Kd3 Nc5+ 45. Ke3 Kg5 46.
Nd3 h3 47. gxh3 gxh3 48. Nf3+ Kg4 49. Nxc5 Kg3 50. a6 1-0

[Event "Championnat de France des Jeunes - Mini"]
[Site "Troyes"]
[Date "2010.04.16"]
[Round "7.7"]
[White "Henry, Laura"]
[Black "Aggoune, Audessa"]
[Result "0-1"]
[WhiteElo "1680"]
[BlackElo "1666"]
[PlyCount "54"]

1. e4 d5 2. exd5 Qxd5 3. Nc3 Qa5 4. d4 Nf6 5. Bd2 Qb6 6. Nf3 g6 7. Be2 Bg7 8.
O-O O-O 9. Rb1 Bg4 10. Be3 Qd6 11. Qd2 Nc6 12. Rfd1 a6 13. d5 Nb8 14. Bf4 Qd8
15. Nh4 Bxe2 16. Nxe2 Nbd7 17. Ng3 Nb6 18. h3 Nfxd5 19. Bh6 e5 20. Nf3 Re8 21.
c4 Nf6 22. Qxd8 Raxd8 23. Nxe5 Bxh6 24. c5 Rxd1+ 25. Rxd1 Rxe5 26. cxb6 cxb6
27. Rd7 Nxd7 0-1

[Event "Championnat de France des Jeunes - Mini"]
[Site "Troyes"]
[Date "2010.04.16"]
[Round "7.8"]
[White "Bogen, Fanny"]
[Black "David, Betty"]
[Result "1-0"]
[WhiteElo "1710"]
[BlackElo "1600"]
[PlyCount "59"]

1. e4 d5 2. exd5 Qxd5 3. Nc3 Qa5 4. Bc4 Nf6 5. d3 c6 6. Bd2 Qc7 7. Qe2 Bf5 8.
h3 h5 9. O-O-O Nbd7 10. Nf3 e6 11. Ng5 Nb6 12. Rhe1 Nxc4 13. dxc4 O-O-O 14. Qf3
Bd6 15. Be3 Be5 16. Bxa7 Rxd1+ 17. Nxd1 c5 18. Rxe5 Qxe5 19. Nxf7 Qc7 20. Nxh8
Qa5 21. Bxc5 Qxc5 22. Nf7 Kc7 23. Qg3+ Kb6 24. Qxg7 Qxc4 25. Ne3 Qe2 26. Qxf6
Qe1+ 27. Nd1 Qe2 28. Qd4+ Kc7 29. Qd6+ Kc8 30. Qd8# 1-0

[Event "Championnat de France des Jeunes - Mini"]
[Site "Troyes"]
[Date "2010.04.16"]
[Round "7.9"]
[White "Colin, Phanie"]
[Black "Daadaa, Soha"]
[Result "1/2-1/2"]
[WhiteElo "1830"]
[BlackElo "1576"]
[PlyCount "71"]

1. d4 d5 2. e3 Nf6 3. Bd3 e6 4. f4 c5 5. c3 Nbd7 6. Nf3 Be7 7. Nbd2 O-O 8. O-O
c4 9. Bc2 b5 10. Ne5 Bb7 11. Qf3 a5 12. g4 h6 13. h4 Nxe5 14. dxe5 Ne4 15. g5
hxg5 16. hxg5 Bxg5 17. Nxe4 dxe4 18. Bxe4 Bxe4 19. Qxe4 Bh6 20. Rf2 Qd1+ 21.
Rf1 Qg4+ 22. Qg2 Qxg2+ 23. Kxg2 Rfd8 24. Kf2 Rd3 25. Ke2 Rad8 26. a4 b4 27.
cxb4 axb4 28. a5 g6 29. a6 Bf8 30. a7 Ra8 31. Bd2 Rd7 32. Rfc1 c3 33. bxc3 bxc3
34. Bxc3 Rdxa7 35. Rxa7 Rxa7 36. Bd4 1/2-1/2

[Event "Championnat de France des Jeunes - Mini"]
[Site "Troyes"]
[Date "2010.04.16"]
[Round "7.10"]
[White "Seelen, Amandine"]
[Black "Verwaerde, Jolanthe"]
[Result "1/2-1/2"]
[WhiteElo "1664"]
[BlackElo "1520"]
[PlyCount "95"]

1. d4 d5 2. Nf3 e6 3. c4 c6 4. Nc3 dxc4 5. e4 b5 6. a4 Bb4 7. Bd2 a5 8. axb5
Bxc3 9. Bxc3 cxb5 10. b3 Bb7 11. bxc4 b4 12. Bb2 Bxe4 13. d5 Nf6 14. Qa4+ Qd7
15. dxe6 Qxa4 16. exf7+ Kxf7 17. Ne5+ Ke6 18. Rxa4 Nc6 19. Nd3 Bxd3 20. Bxd3
Kf7 21. O-O h6 22. Re1 Rhd8 23. Bf5 Nd4 24. Bh3 Ne2+ 25. Kf1 Nf4 26. Bf5 Nd3
27. Bxd3 Rxd3 28. Re5 Rd2 29. Ba1 Rc2 30. Rexa5 Rxa5 31. Rxa5 Rxc4 32. Ke2 Rc2+
33. Kf3 Rd2 34. Rb5 Rd3+ 35. Ke2 Rb3 36. Kd2 Ne4+ 37. Kc2 Ra3 38. Rb7+ Ke6 39.
Bxg7 b3+ 40. Rxb3 Rxb3 41. Kxb3 Nxf2 42. Bxh6 Ng4 43. Bf4 Kf5 44. Bc7 Ne3 45.
g3 Kg4 46. h4 Nf5 47. Kc3 Nxh4 48. gxh4 1/2-1/2

[Event "Championnat de France des Jeunes - Benjamins"]
[Site "TROYES"]
[Date ""]
[Round "7.1"]
[White "Giroyan, Gary"]
[Black "Lamard, Guillaume"]
[Result "1-0"]
[WhiteElo "2181"]
[BlackElo "2117"]
[Annotator ""]

1. e4 e5 2. Nf3 Nc6 3. Bb5 a6 4. Ba4 Nf6 5. O-O Be7 6. Re1 b5 7. Bb3 d6 8. c3
O-O 9. d4 exd4 10. cxd4 Bg4 11. Be3 d5 12. e5 Ne4 13. Nc3 Nxc3 14. bxc3 Na5 15.
Bc2 Nc4 16. h3 Be6 17. Nd2 Qc8 18. a4 Rb8 19. axb5 axb5 20. Ra7 Nxe3 21. fxe3
b4 22. Qa1 Bh4 23. Rf1 Bg5 24. Qe1 c5 25. Qg3 Bd8 26. Ra2 bxc3 27. Nb3 Bb6 28.
Qh4 g6 29. Qh6 cxd4 30. Rf4 dxe3 31. Rh4 Re8 32. Bxg6 fxg6 33. Qxh7+ Kf8 34.
Qh8+ Ke7 35. Rh7+ Bf7 36. Qf6+ Kd7 37. Qd6# 1-0

[Event "Championnat de France des Jeunes - Benja"]
[Site "TROYES"]
[Date "2010.04.16"]
[Round "7.3"]
[White "Macon, Arthur"]
[Black "Kambrath, Yannick"]
[Result "0-1"]
[WhiteElo "1949"]
[BlackElo "1941"]
[PlyCount "87"]
[EventDate "2010.??.??"]

1. d4 Nf6 2. c4 g6 3. Nc3 d5 4. cxd5 Nxd5 5. e4 Nxc3 6. bxc3 c5 7. Nf3 Bg7 8.
Rb1 O-O 9. Be2 Nc6 10. d5 Ne5 11. Nxe5 Bxe5 12. Qd3 f5 13. Bf3 fxe4 14. Bxe4
Bf5 15. O-O Qc7 16. h3 c4 17. Qc2 Rad8 18. Bh6 Bxe4 19. Qxe4 Rf5 20. d6 Qxd6
21. Qxc4+ Kh8 22. Rxb7 g5 23. Qe4 Rf4 24. Qe2 Rg8 25. Rb5 Rf5 26. Kh1 g4 27. h4
Rh5 28. g3 a6 29. Ra5 Qc7 30. Ra4 Qc6+ 31. Re4 Rxh6 32. Kg1 Bf6 33. Rxg4 Rxg4
34. Qxg4 Rg6 35. Qf4 Qxc3 36. Rc1 Qa3 37. Rc2 Rg8 38. Kh2 Qa5 39. a4 Rf8 40.
Qg4 Qb6 41. h5 Qd4 42. Qf3 Qxa4 43. Rc7 Qa5 44. Qe2 {Suite illisible} 0-1